000 00546nam a2200205 4500
003 OSt
005 20260320165321.0
008 160718b xxu||||| |||| 00| 0 eng d
020 _a0879520388
040 _c040a
082 _aWA 100 B241s 1994
100 _aEddy, Mary Baker
_910275
245 _aScience and Health :
_bwith key to the scripture
260 _aBoston;
_bWorld index publishers,
_c1994
300 _axii, 700p;
_c12 cm.
504 _aIncludes index
650 _aHealth
_910276
650 _aScience
_92110
942 _2z
_cO_SHELF
999 _c4774
_d4774